000 01067nam a2200301 i 4500
003 DO-SdBNP
005 20260521084444.0
007 ta
008 260515b2025 dr ||||| |||| 00| 0 spa d
020 _a9789945952513
040 _aDO-SdBNP
_bspa
_cBNPHU
_erda
041 _aspa
082 4 _axxx
_bM181c
_222
100 1 _aMadera, Quilvio A.,
_eautor
_4aut.
_989584
245 1 _aCooperativismo y globalización :
_bresistencia ética y praxis solidaria en el mundo tardomoderno /
_cQuilvio A. Madera ; prólogo, Nicanor Ursua ; revisión, Iván Pérez Garrión
250 _aprimera edición
264 4 _aSanto Domingo :
_bCIDES Editorial,
_c©2025.
300 _a108 páginas ;
_c23 cm.
336 _atexto
_btxt
_2rdacontent
337 _asin mediación
_bn
_2rdamedia
338 _avolumen
_bnc
_2rdacarrier
500 _aIncluye datos biográficos del autor en las solapas
504 _aBibliografía : páginas 101-108
590 _aInventariado, 2026/BT
700 1 _aUrsua, Nicanor,
_eprologuista
_4pr.
_989585
910 _aBtavárez
942 _2ddc
_cLBS1
999 _c60753
_d60753